Koncepcia mierne prosperujúcej spoločnosti v kontexte súčasných medzinárodných vzťahov Číny bakalárska práca
Salvato in:
| Autore principale: | |
|---|---|
| Ente Autore: | |
| Altri autori: | |
| Natura: | Libro |
| Lingua: | slovacco |
| Pubblicazione: |
Bratislava
2025
|
| Tags: |
Nessun Tag, puoi essere il primo ad aggiungerne!!
|
MARC
| LEADER | 00000nbm a2200000 4500 | ||
|---|---|---|---|
| 001 | 0309609 | ||
| 005 | 20260326145824.0 | ||
| 041 | 0 | |a slo | |
| 044 | |a SK | ||
| 245 | 1 | 0 | |a Koncepcia mierne prosperujúcej spoločnosti v kontexte súčasných medzinárodných vzťahov Číny |b bakalárska práca |c Marko Turinič ; školiteľ: František Škvrnda |
| 264 | 1 | |a Bratislava |c 2025 | |
| 300 | |a 50 s. | ||
| 100 | 1 | |a Turinič, Marko | |
| 700 | 1 | |a Škvrnda, František, ml., 1987- | |
| 710 | 2 | |a Fakulta medzinárodných vzťahov EU. Katedra medzinárodných politických vzťahov | |